[Event "PRO League Group Stage"]
[Site "chess.com INT"]
[Date "2018.02.04"]
[Round "4"]
[White "Stokke, Kjetil"]
[Black "Connell, Blair N"]
[Result "1-0"]
[WhiteTitle "IM"]
[WhiteElo "2336"]
[BlackElo "2234"]
[WhiteTeam "Oslo Trolls"]
[BlackTeam "London Towers"]
[WhiteFideId "1502964"]
[BlackFideId "403725"]
[EventDate "2018.01.18"]

1. c4 c6 2. d4 d5 3. cxd5 cxd5 4. Bf4 Nc6 5. e3 Nf6 6. Nc3 a6 7. Be2 e6 8. a3
Bd6 9. Bxd6 Qxd6 10. f4 O-O 11. Nf3 Bd7 12. Bd3 Na5 13. Ne5 b5 14. O-O Nc4 15.
Qe2 Rfc8 16. Rf3 b4 17. axb4 Qxb4 18. Bxc4 dxc4 19. e4 Be8 20. f5 Qb6 21. Qf2
Rab8 22. fxe6 fxe6 23. Rf1 Bh5 24. Rxf6 gxf6 25. Nd7 Qxb2 26. Nxf6+ Kh8 27. Nxh5
Qxf2+ 28. Rxf2 Rb3 29. Rf7 Kg8 30. Rf3 a5 31. Nf6+ Kg7 32. e5 a4 33. Rg3+ Kf7
34. Nfe4 Ra8 35. Nd6+ Kf8 36. Rf3+ Kg7 37. Rf7+ Kg6 38. Ne2 a3 39. Nf4+ Kh6 40.
Nxe6 a2 41. Nf5+ Kg6 42. Rf6+ Kh5 43. Nfg7+ Kg4 44. Rf4# 1-0

[Event "PRO League Group Stage"]
[Site "chess.com INT"]
[Date "2018.02.04"]
[Round "4"]
[White "Hansen, Torbjorn Ringdal"]
[Black "Klein, David"]
[Result "1/2-1/2"]
[WhiteTitle "GM"]
[BlackTitle "GM"]
[WhiteElo "2410"]
[BlackElo "2501"]
[WhiteTeam "Norway Gnomes"]
[BlackTeam "Amsterdam Mosquitoes"]
[WhiteFideId "1501720"]
[BlackFideId "1003623"]
[EventDate "2018.01.18"]

1. e4 c5 2. Nf3 e6 3. d4 cxd4 4. Nxd4 Nc6 5. Nc3 Qc7 6. Be3 a6 7. Bd3 Nf6 8. O-O
Nxd4 9. Bxd4 Bc5 10. Bxc5 Qxc5 11. Re1 d6 12. Qd2 e5 13. Re3 Be6 14. Be2 Rd8 15.
Rd3 Ke7 16. Rd1 b5 17. a3 h6 18. Rg3 g5 19. h3 Rc8 20. Rd3 Rcd8 21. b4 Qb6 22.
a4 bxa4 23. Nxa4 Qc6 24. Nc3 Rd7 25. Bf3 Rhd8 26. Ra1 Qb6 27. Be2 Qxb4 28. Re3
a5 29. Rxa5 Rc8 30. Rb5 Qd4 31. Rd3 Qa7 32. Ra5 Qb6 33. Rb5 Qa7 34. Ra5 Qb6 35.
Rb5 Qc6 36. Re3 Rb7 37. Nd5+ Bxd5 38. exd5 Qc7 39. Rxe5+ dxe5 40. d6+ Qxd6 41.
Rxb7+ Rc7 42. Rxc7+ Qxc7 43. Bd3 Qd6 44. Qe3 Kf8 45. h4 Qd4 46. Qxd4 exd4 47.
hxg5 hxg5 48. g3 Nd5 49. Kg2 Ke7 50. Kf3 Nc3 51. Kg4 Kf6 52. f4 1/2-1/2

[Event "PRO League Group Stage"]
[Site "chess.com INT"]
[Date "2018.02.04"]
[Round "4"]
[White "Skuhala, Luka"]
[Black "Prithu, Gupta"]
[Result "1-0"]
[BlackTitle "FM"]
[WhiteElo "2059"]
[BlackElo "2373"]
[WhiteTeam "Ljubljana Turtles"]
[BlackTeam "Delhi Dynamite"]
[WhiteFideId "14605678"]
[BlackFideId "46618546"]
[EventDate "2018.01.18"]

1. e4 e5 2. Nf3 Nc6 3. Bc4 Nf6 4. d3 Bc5 5. O-O O-O 6. Re1 d6 7. c3 a6 8. Bb3
Ba7 9. Nbd2 Ne7 10. Nf1 Ng6 11. Ng3 Be6 12. Bc2 d5 13. exd5 Nxd5 14. Nxe5 Nxe5
15. Rxe5 Bxf2+ 16. Kxf2 Qf6+ 17. Kg1 Qxe5 18. d4 Qf6 19. Qd3 Qg6 20. Qd2 f5 21.
c4 Nf6 22. d5 Bd7 23. Qf4 Rae8 24. Bd2 Ne4 25. Nxe4 fxe4 26. Qe3 b5 27. c5 Bg4
28. Bb3 Bf3 29. Qg5 Be2 30. Qxg6 hxg6 31. d6+ Kh7 32. d7 Re5 33. c6 Bc4 34. Bc2
e3 35. Bb4 e2 36. h4 Rf1+ 37. Kh2 Rd5 38. Re1 Rxe1 39. Bxe1 Rd6 40. Be4 Bxa2 41.
Kg3 Be6 42. Kf2 Bxd7 43. cxd7 Rxd7 44. h5 Kh6 45. Bxg6 Kg5 46. Kxe2 Kg4 47. Bc3
Kg3 48. Be5+ Kxg2 49. Be4+ Kg1 50. b4 Re7 51. Bd4+ Kh2 52. Kf3 Kh3 53. Bf5+ Kh4
54. h6 Rf7 55. hxg7 Rxf5+ 56. Ke4 1-0

[Event "PRO League Group Stage"]
[Site "chess.com INT"]
[Date "2018.02.04"]
[Round "4"]
[White "Swapnil, S. Dhopade"]
[Black "Zhou, Yang-Fan"]
[Result "1-0"]
[WhiteTitle "GM"]
[BlackTitle "IM"]
[WhiteElo "2533"]
[BlackElo "2449"]
[WhiteTeam "Mumbai Movers"]
[BlackTeam "London Lions"]
[WhiteFideId "5019184"]
[BlackFideId "468584"]
[EventDate "2018.01.18"]

1. d4 Nf6 2. c4 g6 3. Nc3 Bg7 4. e4 O-O 5. Nf3 d6 6. Be2 e5 7. O-O Nc6 8. dxe5
dxe5 9. Bg5 h6 10. Qxd8 Rxd8 11. Bxf6 Bxf6 12. Nd5 Kg7 13. Nxc7 Rb8 14. h3 Nd4
15. Nxd4 Rxd4 16. Ne8+ 1-0

[Event "PRO League Group Stage"]
[Site "chess.com INT"]
[Date "2018.02.04"]
[Round "4"]
[White "Lalith, Babu M R"]
[Black "Rendle, Thomas E"]
[Result "1-0"]
[WhiteTitle "GM"]
[BlackTitle "IM"]
[WhiteElo "2542"]
[BlackElo "2362"]
[WhiteTeam "Delhi Dynamite"]
[BlackTeam "London Towers"]
[WhiteFideId "5024595"]
[BlackFideId "408760"]
[EventDate "2018.01.18"]

1. Nf3 Nf6 2. c4 e6 3. g3 b6 4. Bg2 Bb7 5. O-O Be7 6. Nc3 O-O 7. d4 Ne4 8. Bd2
f5 9. Rc1 Bf6 10. Ne5 Nxc3 11. Bxc3 Bxg2 12. Kxg2 d6 13. Nf3 Nd7 14. Qd3 Qc8 15.
e4 Qb7 16. exf5 exf5 17. d5 Nc5 18. Qc2 Bxc3 19. Qxc3 a5 20. Rce1 Rae8 21. Nd4
Qc8 22. b3 Qd7 23. Rxe8 Rxe8 24. a3 Re4 25. b4 axb4 26. axb4 Na4 27. Qa1 b5 28.
cxb5 Nb6 29. Ne6 h6 30. Rc1 Nxd5 31. Qa8+ Kf7 32. Qxd5 Rxe6 33. Qxf5+ Ke7 34.
Qg4 Kd8 35. Qh4+ Qe7 36. Qc4 Qd7 37. Ra1 Re8 38. Ra8+ Ke7 39. Ra7 Rc8 40. b6 1-0

[Event "PRO League Group Stage"]
[Site "chess.com INT"]
[Date "2018.02.04"]
[Round "4"]
[White "Lalith, Babu M R"]
[Black "Sebenik, Matej"]
[Result "1-0"]
[WhiteTitle "GM"]
[BlackTitle "GM"]
[WhiteElo "2542"]
[BlackElo "2551"]
[WhiteTeam "Delhi Dynamite"]
[BlackTeam "Ljubljana Turtles"]
[WhiteFideId "5024595"]
[BlackFideId "14602296"]
[EventDate "2018.01.18"]

1. Nf3 d5 2. d4 Nf6 3. c4 e6 4. g3 dxc4 5. Bg2 a6 6. O-O Nc6 7. Bg5 Be7 8. e3
O-O 9. Nfd2 e5 10. Bxf6 Bxf6 11. d5 Na5 12. b4 cxb3 13. axb3 b6 14. Ne4 Nb7 15.
Nbd2 Be7 16. Qc2 f5 17. d6 cxd6 18. Nc3 e4 19. f3 d5 20. Rfd1 Qc7 21. Rac1 Qc5
22. fxe4 fxe4 23. Nf1 Be6 24. Nxd5 Bxd5 25. Qxc5 Nxc5 26. Rxd5 a5 27. Nd2 Rad8
28. Rxd8 Rxd8 29. Nxe4 Nxb3 30. Rc7 Bc5 31. Kf2 h6 32. Bf1 Rf8+ 33. Kg2 Kh8 34.
Bc4 a4 35. Ra7 Re8 36. Rxa4 Na5 37. Nxc5 Nxc4 38. Rxc4 bxc5 39. Kf3 Rc8 40. Ke4
Re8+ 41. Kd3 Rd8+ 42. Kc3 Re8 43. e4 Re5 44. Kd3 g5 45. Ra4 g4 46. Ra7 Rh5 47.
Ra2 Kg7 48. Ke3 Kf6 49. Kf4 Re5 50. Ra8 Re7 51. Rc8 h5 52. Rxc5 Kg6 53. Rc6+ Kg7
54. e5 Rf7+ 55. Kg5 Rf2 56. Kxh5 Rxh2+ 57. Kxg4 Re2 58. Kf4 Kf7 59. g4 Rf2+ 60.
Kg5 Re2 61. Rf6+ Kg7 62. Kf5 Ra2 63. Rg6+ Kh7 64. Rb6 Kg7 65. Rb7+ Kf8 66. g5
Rg2 67. Kf6 Rf2+ 68. Kg6 Rg2 69. e6 Re2 70. Rf7+ Ke8 71. Rf6 Rg2 72. Rf1 Ke7 73.
Kh6 Kxe6 74. g6 Rh2+ 75. Kg7 Ke7 76. Kg8 Ke8 77. g7 Ke7 78. Re1+ Kf6 79. Kf8 1-0

[Event "PRO League Group Stage"]
[Site "chess.com INT"]
[Date "2018.02.04"]
[Round "4"]
[White "Plat, Vojtech"]
[Black "Meier, Georg"]
[Result "1-0"]
[WhiteTitle "GM"]
[BlackTitle "GM"]
[WhiteElo "2569"]
[BlackElo "2647"]
[WhiteTeam "Riga Magicians"]
[BlackTeam "Stockholm Snowballs"]
[WhiteFideId "325740"]
[BlackFideId "4675789"]
[EventDate "2018.01.18"]

1. e4 e6 2. d4 d5 3. Nd2 c5 4. exd5 Qxd5 5. Ngf3 cxd4 6. Bc4 Qd7 7. O-O Nc6 8.
Nb3 Nf6 9. Nbxd4 Nxd4 10. Qxd4 Qxd4 11. Nxd4 Bd7 12. Re1 Bc5 13. Be3 Ng4 14.
Nxe6 Bxe3 15. Nd4 Rc8 16. Bb3 O-O 17. fxe3 Rfe8 18. e4 Kf8 19. Rad1 a5 20. a3
Rc7 21. c3 Ne5 22. Bd5 g6 23. h3 Ke7 24. Kf2 Rb8 25. Nf3 Nxf3 26. Kxf3 g5 27. e5
b5 28. Rd4 Rb6 29. Red1 Be8 30. Be4 h5 31. Rd6 Rb8 32. R1d4 Rc5 33. Bd5 b4 34.
axb4 axb4 35. c4 Ra5 36. Ke4 Ra1 37. Kf5 g4 38. hxg4 hxg4 39. Kxg4 Rc1 40. Rd2
b3 41. Kf4 Rb4 42. Ra6 Re1 43. Ra7+ Kf8 44. Rf2 Rb8 45. Kg3 Rxe5 46. Bxf7 Bxf7
47. Rfxf7+ Kg8 48. Rg7+ Kf8 49. Rh7 Kg8 50. Rag7+ Kf8 51. Rb7 Re3+ 52. Kf4 Rxb7
53. Rxb7 Re2 54. Rxb3 Rxg2 55. Ke5 Ke7 56. Kd5 Kd7 57. Kc5 Kc7 58. Kb4 Kc6 59.
Ka3 Rg1 60. Rb5 Rc1 61. b3 Rc2 62. Kb4 Rc1 63. Rh5 Rc2 64. Rh6+ 1-0

[Event "PRO League Group Stage"]
[Site "chess.com INT"]
[Date "2018.02.04"]
[Round "4"]
[White "Skuhala, Luka"]
[Black "Abdrlauf, Elham"]
[Result "1-0"]
[WhiteElo "2059"]
[BlackElo "2073"]
[WhiteTeam "Ljubljana Turtles"]
[BlackTeam "Norway Gnomes"]
[WhiteFideId "14605678"]
[BlackFideId "1533533"]
[EventDate "2018.01.18"]

1. e4 c6 2. d4 d5 3. f3 dxe4 4. fxe4 e5 5. Nf3 exd4 6. Bc4 Be7 7. O-O Nf6 8. e5
Nd5 9. Nxd4 O-O 10. c3 Nd7 11. Qe2 Nc5 12. Nd2 Ne6 13. N2f3 Bc5 14. Kh1 Bxd4 15.
Nxd4 Nxd4 16. cxd4 Be6 17. Bd2 Nc7 18. Bc3 Bxc4 19. Qxc4 Ne6 20. Rad1 Qh4 21.
Qb3 b6 22. d5 cxd5 23. Qxd5 Rad8 24. Qf3 h6 25. Rxd8 Rxd8 26. Qxf7+ Kh8 27. Qxe6
Qf2 28. Qc4 Qc2 29. h3 Rg8 30. e6 Qg6 31. e7 b5 32. Qxg8+ Kxg8 33. Rf8+ Kh7 34.
e8=Q 1-0

[Event "PRO League Group Stage"]
[Site "chess.com INT"]
[Date "2018.02.04"]
[Round "4"]
[White "Skuhala, Luka"]
[Black "Manukian, Artak"]
[Result "1/2-1/2"]
[WhiteElo "2059"]
[BlackElo "2196"]
[WhiteTeam "Ljubljana Turtles"]
[BlackTeam "Armenia Eagles"]
[WhiteFideId "14605678"]
[BlackFideId "13301373"]
[EventDate "2018.01.18"]

1. e4 d6 2. d4 Nf6 3. Nc3 g6 4. Bg5 Bg7 5. e5 Nfd7 6. f4 O-O 7. Nf3 Nb6 8. Bh4
Bg4 9. h3 Bxf3 10. Qxf3 dxe5 11. dxe5 Nc6 12. Rd1 Qc8 13. Bb5 Qe6 14. O-O Rad8
15. Bxc6 bxc6 16. b3 f6 17. exf6 Bxf6 18. Bxf6 Rxd1 19. Rxd1 Qxf6 20. Rf1 Qd4+
21. Kh1 Nd5 22. Nxd5 Qxd5 23. Qe3 e5 24. f5 Rxf5 25. Rxf5 gxf5 26. Qg5+ Kf7 27.
Qxf5+ Kg7 28. c4 Qd4 29. Qg5+ Kf7 30. Qf5+ Kg7 31. Qc8 Qd1+ 32. Kh2 Qd6 33. Qg4+
Kf6 34. Qe4 c5 35. h4 h5 36. Qf3+ Kg6 37. Qg3+ Kf7 38. Qg5 e4+ 39. g3 Qd3 40.
Qxh5+ Ke6 41. Qd5+ Kf6 42. Qg5+ Ke6 43. Qxc5 Qe2+ 44. Kh3 Qf1+ 45. Kh2 Qe2+ 46.
Kg1 e3 47. Qd5+ Kf6 48. Qd4+ Ke6 49. Qe4+ Kd7 50. Qf5+ Ke7 51. Qe5+ Kd7 52. Qg7+
Ke6 53. Qg8+ Kd7 54. Qf7+ Kc8 55. Qe8+ Kb7 56. Qe4+ Kb8 57. Qe8+ Kb7 1/2-1/2

[Event "PRO League Group Stage"]
[Site "chess.com INT"]
[Date "2018.02.04"]
[Round "4"]
[White "Skuhala, Luka"]
[Black "Sadhwani, Raunak"]
[Result "1-0"]
[BlackTitle "FM"]
[WhiteElo "2059"]
[BlackElo "2321"]
[WhiteTeam "Ljubljana Turtles"]
[BlackTeam "Mumbai Movers"]
[WhiteFideId "14605678"]
[BlackFideId "35093487"]
[EventDate "2018.01.18"]

1. e4 c5 2. Nf3 d6 3. d4 cxd4 4. Nxd4 Nf6 5. Nc3 a6 6. Be3 e5 7. Nb3 Be7 8. f3
Be6 9. Qd2 O-O 10. O-O-O Nbd7 11. g4 b5 12. g5 b4 13. Ne2 Ne8 14. f4 a5 15. f5
a4 16. fxe6 axb3 17. Kb1 bxc2+ 18. Qxc2 fxe6 19. Bh3 Nc7 20. Rc1 Nc5 21. Bxc5
dxc5 22. Qc4 Bxg5 23. Rcd1 Qe7 24. Rhg1 Rad8 25. Ng3 Be3 26. Nf5 Qg5 27. Nxe3
Qxe3 28. Bxe6+ Kh8 29. Bd5 Rf2 30. Rge1 Qf4 31. Qxc5 Nxd5 32. Rxd5 Rf8 33. Qxb4
Qxh2 34. a4 g5 35. a5 g4 36. a6 g3 37. Rxe5 Qh6 38. a7 g2 39. Ra5 Qc6 40. a8=Q
Rxa8 41. Rxa8+ Kg7 42. Qd4+ Qf6 43. Qd7+ Kh6 44. Qh3+ Kg7 45. Ra7+ Kg6 46. Qg3+
Kh6 47. Qh3+ Kg5 48. Ra5+ Kg6 49. Qh5+ Kg7 50. Ra7+ Kf8 51. Qc5+ Kg8 52. Qc8+
Qf8 53. Qg4+ Kh8 54. Qh5 Rxb2+ 55. Kxb2 Qb4+ 56. Ka2 Qd2+ 57. Kb3 Qd3+ 58. Kb4
Qd4+ 59. Kb5 Qd3+ 60. Kc6 Qc4+ 61. Qc5 Qe6+ 62. Kc7 Qf7+ 63. Kb8 Qb3+ 64. Rb7
Qg3+ 65. Qc7 1-0

[Event "PRO League Group Stage"]
[Site "chess.com INT"]
[Date "2018.02.04"]
[Round "4"]
[White "Connell, Blair N"]
[Black "Prithu, Gupta"]
[Result "1/2-1/2"]
[BlackTitle "FM"]
[WhiteElo "2234"]
[BlackElo "2373"]
[WhiteTeam "London Towers"]
[BlackTeam "Delhi Dynamite"]
[WhiteFideId "403725"]
[BlackFideId "46618546"]
[EventDate "2018.01.18"]

1. e4 c6 2. d4 d5 3. exd5 cxd5 4. c4 Nf6 5. Nc3 Nc6 6. Nf3 e6 7. Bf4 Bd6 8. Bxd6
Qxd6 9. c5 Qe7 10. Bb5 Bd7 11. O-O Ne4 12. Nxe4 dxe4 13. Bxc6 Bxc6 14. Ne5 O-O
15. Nxc6 bxc6 16. f3 exf3 17. Qxf3 Qd7 18. Rad1 Rab8 19. b3 Qd5 20. Qxd5 exd5
21. Rfe1 Rfe8 22. Kf2 f5 23. Rxe8+ Rxe8 24. b4 Kf7 25. a4 Rb8 26. Rb1 a6 27. Ke3
g5 28. Kd3 Ke6 29. Re1+ Kd7 30. Kc3 f4 31. Re5 h6 32. h4 Rg8 33. hxg5 Rxg5 34.
Rxg5 hxg5 35. a5 g4 36. Kd3 Ke6 37. Ke2 Kf5 38. Kf2 Ke6 39. Ke2 1/2-1/2

[Event "PRO League Group Stage"]
[Site "chess.com INT"]
[Date "2018.02.04"]
[Round "4"]
[White "Rendle, Thomas E"]
[Black "Haug, Johannes"]
[Result "0-1"]
[WhiteTitle "IM"]
[BlackTitle "FM"]
[WhiteElo "2362"]
[BlackElo "2357"]
[WhiteTeam "London Towers"]
[BlackTeam "Oslo Trolls"]
[WhiteFideId "408760"]
[BlackFideId "1509268"]
[EventDate "2018.01.18"]

1. e4 e6 2. d4 d5 3. Nd2 c5 4. Ngf3 cxd4 5. Nxd4 Nc6 6. Bb5 Bd7 7. Nxc6 bxc6 8.
Bd3 Qc7 9. O-O Nf6 10. f4 Bc5+ 11. Kh1 h5 12. Qe2 Bb6 13. c4 dxe4 14. Nxe4 Bd4
15. f5 Ng4 16. Bf4 e5 17. Bd2 Nf6 18. Bg5 Nxe4 19. Bxe4 Rb8 20. Rab1 f6 21. Bh4
c5 22. Qf3 Rb6 23. b3 Bc6 24. Rbe1 Bxe4 25. Rxe4 Kd7 26. Rfe1 Kc8 27. h3 Kb8 28.
R1e2 Qd7 29. Be1 Rd6 30. Rh4 Qe8 31. Bg3 g5 32. fxg6 Qxg6 33. Rd2 Qg5 34. Rd3 a5
35. Kh2 Ka7 36. a3 Rb8 37. Rxh5 Qc1 38. Rd1 Qxa3 39. Rh7+ Ka6 40. Qg4 Qxb3 41.
Rc1 a4 42. Qg7 Rb7 43. Qf8 Rxh7 44. Qxd6+ Qb6 45. Qd5 Rb7 46. Qg8 Rb8 47. Qf7
Rb7 48. Qg8 Rb8 49. Qf7 a3 50. Rc2 Rb7 51. Qe8 Ka7 52. h4 Qb3 53. Rc1 a2 54. Qd8
Qa3 55. Qxf6 Qxc1 56. Bxe5 a1=Q 57. Bf4 Bxf6 0-1

[Event "PRO League Group Stage"]
[Site "chess.com INT"]
[Date "2018.02.04"]
[Round "4"]
[White "Tran, Tuan Minh"]
[Black "Carlsen, Magnus"]
[Result "0-1"]
[WhiteTitle "GM"]
[BlackTitle "GM"]
[WhiteElo "2548"]
[BlackElo "2834"]
[WhiteTeam "London Lions"]
[BlackTeam "Norway Gnomes"]
[WhiteFideId "12401820"]
[BlackFideId "1503014"]
[EventDate "2018.01.18"]

1. d4 Nf6 2. c4 e6 3. Nc3 Bb4 4. e3 O-O 5. Ne2 Re8 6. a3 Bf8 7. Nf4 d6 8. Bd3 e5
9. Nfe2 c6 10. O-O Nbd7 11. b4 e4 12. Bc2 d5 13. b5 Nb6 14. c5 Nc4 15. Rb1 h5
16. Rb4 h4 17. h3 cxb5 18. Rxb5 b6 19. Bb3 Bd7 20. Bxc4 dxc4 21. Rb4 bxc5 22.
dxc5 Be6 23. Qd4 Rc8 24. Na4 Qc7 25. Bb2 Red8 26. Qe5 Qxe5 27. Bxe5 Nd7 28. Bd4
Nxc5 29. Nxc5 Bxc5 30. Bxc5 Rxc5 31. Rc1 Rd2 32. Nd4 c3 33. Nxe6 fxe6 34. Rxe4
c2 35. Rd4 Rd5 0-1

[Event "PRO League Group Stage"]
[Site "chess.com INT"]
[Date "2018.02.04"]
[Round "4"]
[White "Klein, David"]
[Black "Klimakovs, Sergejs"]
[Result "1-0"]
[WhiteTitle "GM"]
[BlackTitle "FM"]
[WhiteElo "2501"]
[BlackElo "2309"]
[WhiteTeam "Amsterdam Mosquitoes"]
[BlackTeam "Riga Magicians"]
[WhiteFideId "1003623"]
[BlackFideId "11602066"]
[EventDate "2018.01.18"]

1. e4 c5 2. Nf3 d6 3. d4 cxd4 4. Nxd4 Nf6 5. Nc3 a6 6. h3 e5 7. Nde2 h5 8. g3
Be6 9. Bg2 Nbd7 10. a4 Rc8 11. Be3 Be7 12. Qd2 Nb6 13. b3 d5 14. Bxb6 Qxb6 15.
exd5 Bf5 16. a5 Qc7 17. Ra4 O-O 18. O-O Qd7 19. Kh2 Rfd8 20. Rc1 Rc5 21. Qe3 Qc7
22. Rc4 Rxc4 23. bxc4 Bc5 24. Qd2 Qxa5 25. Rb1 Qc7 26. Na4 Bxf2 27. Rf1 Bd7 28.
Rxf2 Bxa4 29. Qg5 Qxc4 30. Qxe5 Re8 31. Qd4 Bb5 32. Qxc4 Bxc4 33. Nf4 g5 34. Nd3
Nxd5 35. Nb2 Ne3 36. Bxb7 a5 37. Bc6 Re7 38. Nxc4 Nxc4 39. Bd5 Ne5 40. Rf5 Kg7
41. Rxg5+ Kf6 42. Rxh5 Rd7 43. c4 a4 44. Rh6+ Ke7 45. Ra6 Nd3 46. Rxa4 Rd6 47.
Ra7+ Kd8 48. Rxf7 Rb6 49. g4 Rb2+ 50. Kg3 Rb3 51. Rf3 1-0

[Event "PRO League Group Stage"]
[Site "chess.com INT"]
[Date "2018.02.04"]
[Round "4"]
[White "Klein, David"]
[Black "Kukk, Sander"]
[Result "0-1"]
[WhiteTitle "GM"]
[WhiteElo "2501"]
[BlackElo "2178"]
[WhiteTeam "Amsterdam Mosquitoes"]
[BlackTeam "Estonia Horses"]
[WhiteFideId "1003623"]
[BlackFideId "4502094"]
[EventDate "2018.01.18"]

1. e4 g6 2. d4 Bg7 3. Nc3 d6 4. Be3 Nf6 5. Qd2 O-O 6. O-O-O Nc6 7. Bh6 e5 8. d5
Nd4 9. f3 c6 10. dxc6 bxc6 11. Bxg7 Kxg7 12. Nge2 c5 13. h4 Be6 14. g4 Nxf3 15.
Qe3 Bxg4 16. Bh3 Nd4 17. Rdg1 h5 18. Ng3 Bxh3 19. Rxh3 Ng4 20. Qd3 Nf2 21. Nxh5+
Kh7 22. Qf1 Nxh3 23. Nf6+ Kh8 24. Ncd5 Nf4 25. h5 Nde2+ 26. Kb1 Nxg1 27. Qc1
Ngh3 28. Qe3 Kg7 29. h6+ Kxh6 30. Qg3 Kg7 31. Qh4 Rh8 32. Qg4 Nxd5 33. Nxd5 Nf4 0-1

[Event "PRO League Group Stage"]
[Site "chess.com INT"]
[Date "2018.02.04"]
[Round "4"]
[White "Klein, David"]
[Black "Haug, Johannes"]
[Result "1/2-1/2"]
[WhiteTitle "GM"]
[BlackTitle "FM"]
[WhiteElo "2501"]
[BlackElo "2357"]
[WhiteTeam "Amsterdam Mosquitoes"]
[BlackTeam "Oslo Trolls"]
[WhiteFideId "1003623"]
[BlackFideId "1509268"]
[EventDate "2018.01.18"]

1. e4 e6 2. Qe2 c5 3. Nf3 Nc6 4. g3 b6 5. Bg2 Bb7 6. c3 d5 7. exd5 Qxd5 8. O-O
Qd7 9. d4 Nf6 10. Rd1 Rd8 11. Bf4 Nd5 12. Bg5 Be7 13. Bxe7 Qxe7 14. dxc5 Qxc5
15. Nbd2 O-O 16. Ne4 Qe7 17. Rd2 Nf6 18. Nxf6+ Qxf6 19. Rad1 Rxd2 20. Rxd2 Rd8
21. Ne5 Rxd2 22. Qxd2 Nxe5 23. Bxb7 g5 24. b3 g4 25. Be4 Kg7 26. Kg2 h5 27. h4
gxh3+ 28. Kxh3 Nf3 29. Bxf3 Qxf3 30. Qd4+ Kg6 31. Kh2 e5 32. Qd6+ f6 33. Kg1
Qxc3 34. Qd7 Qa1+ 35. Kg2 Qxa2 36. Qd3+ Kh6 37. Qf3 Kg7 38. Qb7+ Kg6 39. Qe4+
Kg7 40. Qb7+ Kg6 41. Qe4+ Kg7 42. Qb7+ 1/2-1/2

[Event "PRO League Group Stage"]
[Site "chess.com INT"]
[Date "2018.02.04"]
[Round "4"]
[White "Rendle, Thomas E"]
[Black "Sharafiev, Azat"]
[Result "1/2-1/2"]
[WhiteTitle "IM"]
[BlackTitle "IM"]
[WhiteElo "2362"]
[BlackElo "2432"]
[WhiteTeam "London Towers"]
[BlackTeam "Volga Stormbringers"]
[WhiteFideId "408760"]
[BlackFideId "4186214"]
[EventDate "2018.01.18"]

1. e4 Nc6 2. Nf3 d6 3. d4 Nf6 4. Nc3 g6 5. h3 Bg7 6. Be2 O-O 7. O-O e5 8. dxe5
Nxe5 9. Nxe5 dxe5 10. Bg5 c6 11. a4 Be6 12. a5 Qc7 13. Qc1 b6 14. Qe3 Nd7 15.
Be7 Rfe8 16. Ba3 Bf8 17. Rfd1 Bxa3 18. Rxa3 b5 19. b4 a6 20. Bg4 Nf8 21. Ne2 Bc4
22. Ng3 Red8 23. Raa1 Qe7 24. c3 h5 25. Be2 h4 26. Bxc4 hxg3 27. Bb3 gxf2+ 28.
Qxf2 Ne6 29. Bxe6 Qxe6 30. Qb6 Rxd1+ 31. Rxd1 Qb3 32. Rd8+ Rxd8 33. Qxd8+ Kg7
34. Qd3 1/2-1/2

[Event "PRO League Group Stage"]
[Site "chess.com INT"]
[Date "2018.02.04"]
[Round "4"]
[White "Rendle, Thomas E"]
[Black "Kukk, Sander"]
[Result "0-1"]
[WhiteTitle "IM"]
[WhiteElo "2362"]
[BlackElo "2178"]
[WhiteTeam "London Towers"]
[BlackTeam "Estonia Horses"]
[WhiteFideId "408760"]
[BlackFideId "4502094"]
[EventDate "2018.01.18"]

1. e4 g6 2. d4 Bg7 3. Nf3 d6 4. Bd3 Nf6 5. O-O O-O 6. Re1 Nc6 7. c3 e5 8. h3 Re8
9. d5 Ne7 10. a4 a5 11. Nbd2 h6 12. Nc4 Nh5 13. Be3 f5 14. b4 b6 15. Rb1 Bd7 16.
bxa5 bxa5 17. Nh2 Rf8 18. exf5 Nxf5 19. Bc1 Nf4 20. Be4 Qe8 21. Bc2 Nh4 22. Ne3
Nhxg2 23. Be4 Nh4 24. Rb2 Nxh3+ 25. Kf1 Qf7 26. f3 Ng5 27. Nc4 Nxe4 28. Rxe4
Nxf3 29. Nxf3 Qxf3+ 30. Qxf3 Rxf3+ 31. Kg2 Rxc3 32. Bd2 Bf5 33. Rh4 Rd3 34. Ne3
e4 35. Rc2 Ra7 36. Kf2 h5 37. Nxf5 gxf5 38. Rxh5 Rxd5 39. Ke2 Kf7 40. Rc1 c5 41.
Rg1 Rxd2+ 42. Kxd2 Re7 43. Rxf5+ Ke6 44. Rh5 Be5 45. Rg8 Rb7 46. Ra8 Rb3 47. Kc2
Rc3+ 48. Kd2 Ra3 49. Rh7 Rxa4 50. Rha7 Kd5 51. Rxa5 Rb4 52. Ra4 Bf4+ 53. Kc3 Rb1
54. Re8 Be5+ 55. Kc2 Rh1 56. Re7 Rh2+ 57. Kd1 e3 58. Ra3 Kd4 59. Re8 c4 60. Rg8
c3 61. Rg1 c2+ 62. Kc1 Bf4 63. Kb2 e2 64. Re1 c1=Q+ 65. Rxc1 Bxc1+ 66. Kb3 0-1

[Event "PRO League Group Stage"]
[Site "chess.com INT"]
[Date "2018.02.04"]
[Round "4"]
[White "Tran, Tuan Minh"]
[Black "Ghosh, Diptayan"]
[Result "1/2-1/2"]
[WhiteTitle "GM"]
[BlackTitle "GM"]
[WhiteElo "2548"]
[BlackElo "2556"]
[WhiteTeam "London Lions"]
[BlackTeam "Mumbai Movers"]
[WhiteFideId "12401820"]
[BlackFideId "5045207"]
[EventDate "2018.01.18"]

1. d4 Nf6 2. c4 e6 3. Nc3 Bb4 4. e3 O-O 5. Ne2 Re8 6. a3 Bf8 7. Nf4 d5 8. Bd3
dxc4 9. Bxc4 c5 10. O-O Nbd7 11. dxc5 Bxc5 12. b4 Bf8 13. Bb2 Nb6 14. Bb3 Qxd1
15. Rfxd1 Bd7 16. Nd3 Red8 17. Nc5 Bc6 18. f3 Bxc5 19. bxc5 Nbd7 20. Na4 Bxa4
21. Bxa4 Nxc5 22. Bc2 h6 23. Kf2 Rac8 24. Rxd8+ Rxd8 25. Ke2 Kf8 26. a4 Rc8 27.
a5 Nd5 28. Bd4 Nb4 29. Bd1 Nba6 30. Rb1 f6 31. f4 Ke7 32. Bc2 Rc7 33. Bd3 Kd6
34. Bxa6 bxa6 35. Kf3 Nd7 36. Ke4 e5 37. Bb2 exf4 38. exf4 Ke6 39. f5+ Kf7 40.
Bd4 Nc5+ 41. Kd5 Nd3 42. Kd6 Re7 43. g3 Ne5 44. Kd5 Rd7+ 45. Ke4 Nc4 46. Bc3
Nd6+ 47. Kf4 Nb5 48. Be1 Rd4+ 49. Ke3 Rd5 50. g4 h5 51. h3 hxg4 52. hxg4 Re5+
53. Kf4 g5+ 54. fxg6+ Kxg6 55. Rd1 Re2 56. Kf3 Re6 57. Bf2 Rc6 58. Rd3 Rc4 59.
Rd7 Ra4 60. Be1 Nd4+ 61. Kg3 Nc6 62. Rd6 Rc4 63. Bd2 Kf7 64. g5 fxg5 65. Bxg5
Rc5 66. Be3 Rc3 67. Kf2 Ke7 68. Rh6 Kd7 69. Rh7+ Kc8 70. Bxa7 Nxa5 71. Bb6 Nb3
72. Ke2 Rc6 73. Be3 a5 74. Kd3 Nc5+ 75. Kd4 Nd7 76. Kd5 Rc2 77. Bd4 Rd2 78. Rh8+
Kb7 79. Kc4 a4 80. Rh7 Kc6 81. Rh6+ Kc7 82. Ra6 Rc2+ 83. Kb4 Rd2 84. Bc3 1/2-1/2